| 000 | 00408 a2200157 4500 | ||
|---|---|---|---|
| 001 | 177135 | ||
| 020 | _a | ||
| 040 | _cMagnum | ||
| 100 | _aGorbachev, Mikhail | ||
| 240 | 1 | 0 |
_aPerestroika: novas ideias para o meu pais e o mundo _lpor |
| 245 | 1 | 0 | _aPerestroika: novas ideias para o meu pais e o mundo |
| 362 | 0 | _a1899 | |
| 440 | 1 | _aCĂrculo do Livro | |
| 697 | _aMAGNITO: GEOGRAFIA GERAL | ||
| 942 | _cBK | ||
| 999 |
_c177135 _d177135 |
||